Exlibris a užitková grafika Huga Boettingra /

Hlavní autor: Novák, Arthur, 1876-1957
Jazyk: Čeština
Vydáno: V Praze : Spolek sběratelů a přátel exlibris, 1946
Externí odkaz: Digitalizovaný dokument
Fyzický popis: 60, [II] s. ; 8°
Knihy
Uloženo v:
LEADER 01183nam a22002652a 4500
001 001731509
003 CZ BrMZK
005 20200219134948.0
007 ta
008 200219s1946 xr a er|||||||||||cze d
015 |a cnb000666618 
035 |a (OCoLC)85417730 
040 |a ABA001  |b cze  |c OLA001  |d ABA001 
100 1 |a Novák, Arthur,  |d 1876-1957  |7 jk01090349  |4 aut 
245 1 0 |a Exlibris a užitková grafika Huga Boettingra /  |c Arthur Novák 
260 |a V Praze :  |b Spolek sběratelů a přátel exlibris,  |c 1946  |f (Průmyslová tiskárna) 
300 |a 60, [II] s. ;  |c 8° 
500 |a Tisk podle návrhu Methoda Kalába 
500 |a Dostupné též v digitální podobě v aplikaci Kramerius 
856 4 1 |u http://www.digitalniknihovna.cz/mzk/uuid/uuid:65b9c3b0-6c19-11ef-b80e-5ef3fc9bb22f  |y Digitalizovaný dokument  |x NDK 
910 |a BOA001  |b Bf1-0193.387 
990 |a BK 
991 |b 202002 
996 6 |b 2618821010  |c Bf1-0193.387  |l Stud. starých tisků/4.patro  |r Sklad / do násl. otevíracího dne  |n 0  |w 001783181  |u 000020  |a 1  |e BOA001  |j MZK50  |s P 
996 6 |b 2618821011  |c Bf1-0193.387  |l Stud. starých tisků/4.patro  |r Sklad / do násl. otevíracího dne  |n 0  |w 001783181  |u 000010  |a 1  |e BOA001  |j MZK50  |s P